000 00457nam a2200157 a 4500
001 000047602
005 20201002060630.0
008 180704s2017 dr a 000 spa d
020 _a9789945609165
040 _aDO-SdBNP
_bspa
_cBNPHU
100 1 _aZoia, Luigi
_975237
245 0 _aCaer siete veces...levantarse ocho. /
_cLuigi Zoia.
260 _aSanto Domingo :
_bSantuario,
_c2017.
300 _a273 p. :
_bil. ;
_c24 cm.
590 _aInventariado, 2108/DG
999 _c47090
_d47090